| 000 | 00768 a2200217 4500 | ||
|---|---|---|---|
| 020 | _a0792313305 | ||
| 020 | _a9780792313304 | ||
| 082 | _a515.243 | ||
| 090 |
_c1538 _d1538 |
||
| 100 | 1 | _aMitrinovic, Dragoslav S. | |
| 245 | 1 | 0 |
_aInequalities involving functions and their integrals and derivatives / _cDragoslav S. Mitrinovic, J. Pecaric, A.M Fink. |
| 250 | _a1991th ed. | ||
| 260 |
_a[S.l.] : _bSpringer, _c1991. |
||
| 300 |
_a587 p. ; _c25 cm. |
||
| 490 | 1 | _aMathematics and its applications. | |
| 700 | 1 | _aPecaric, J. | |
| 700 | 1 | _aFink, A.M. | |
| 830 | 0 | _aMathematics and its applications. | |
| 942 |
_aSNS _cBK _k515.243 MIT |
||
| 999 |
_c30149 _d30149 |
||